00546nam a2200181Ia 4500003000900000008004100009040001300050040001300063041000800076100004500084245014400129250001000273260001200283260000900295300001200304490004200316490000600358IT-RoPAU120407s9999 xx 000 0 und d aIT-RoPAU cIT-RoPAU afra aCaesarius Arelatensis (Cesario di Arles) a"Sermons au peuple. Intr., trad. et notes par Marie-José Delage. Latino-francese. I. Sermons 1-20; II. Sermons 21-55; III. Sermons 56-80" aParis aDu Cerf c1971 c19,5 cm aSources Chrétiennes, 175, 243 e 330 v1